Hermenůtica e direito A hermenůtica de Heidegger na (re)fundamentaȯ̂ do pensamento jurd̕ico /

Bibliographic Details
Main Author: de Moraes Mello, Cleyson
Format: eBook
Language:Portuguese
Published: Rio de Janeiro: Editora Processo, 2018
Edition:2da. Edicin̤
Subjects:
Online Access:Acceso restringido

MARC

LEADER 00000nam a22000007a 4500
005 20220812004310.0
007 cr|||| ||||
008 220812s2018 br |||||s|||| 00||0 por d
020 |a 978-85-93741-21-0 
035 |a 36808 
040 |a vLex 
090 |c 13682  |d 13682 
100 1 |a de Moraes Mello, Cleyson 
245 1 0 |a Hermenůtica e direito  |h [Recurso electrn̤ico] :  |b A hermenůtica de Heidegger na (re)fundamentaȯ̂ do pensamento jurd̕ico /  |c Cleyson de Moraes Mello 
250 |a 2da. Edicin̤ 
256 |a Servicio en ln̕ea 
260 |a Rio de Janeiro:  |b Editora Processo,  |c 2018 
300 |a 1 recurso electrn̤ico 
500 |a Esta obra foi levada a efeito mediante a interlocuȯ̂ com o pensamento de Heidegger, que ̌guiado pela fenomenologia hermenůtica e procura investigar o sentido do ser, atravš das estruturas do ser-a ̕pautado nos teoremas da diferenȧ ontolg̤ica (analt̕ica existencial) e do cr̕culo hermenůtico. Sob essa perspectiva, os principais resultados da investigaȯ̂ indicaram uma contribuiȯ̂ para a construȯ̂ de uma cultura jurd̕ica a partir do suporte ter̤ico da filosofia hermenůtica de Heidegger. 
506 1 |a Disponible solo en los productos indicados  |d vLex Global  |d vLex Global (Academic Edition, excluding Law Schools)  |d vLex Global (U.S. Academic Edition, Law Schools)  |d vLex Global (U.S. Academic Edition, excluding Law Schools)  |d vLex Global (Academic Edition, Law Schools) 
650 0 4 |a Derecho Militar  |z Brasil 
650 0 4 |a Filosofa̕ y religin̤  |z Brasil 
740 0 |a vLex Libros (Servicio en ln̕ea) 
856 4 0 |u https://app.vlex.com/#/sources/36808  |z Acceso restringido 
942 |c BOOK 
999 0 |a Military Law 
999 0 |a Philosophy and religion